Top 500 Boy Baby Names US 2025 - Statistics

General Stats
  • This quiz has been taken 23 times
  • The average score is 66 of 500
Answer Stats
Hint Answer % Correct
5 Henry
82%
15 Jack
76%
6 James
76%
23 John
76%
2 Noah
76%
232 Alex
71%
368 Andre
71%
73 Andrew
71%
11 Benjamin
71%
35 David
71%
36 Jackson
71%
3 Oliver
71%
43 Jacob
65%
1 Liam
65%
21 Michael
65%
34 Thomas
65%
30 Alexander
59%
48 Charles
59%
95 Jose
59%
29 Joseph
59%
32 Matthew
59%
112 Nicholas
59%
101 Adam
53%
22 Daniel
53%
126 George
53%
173 Jesus
53%
233 Justin
53%
19 Leo
53%
14 Luca
53%
10 Lucas
53%
425 Lucca
53%
288 Lukas
53%
33 Luke
53%
187 Peter
53%
99 Ryan
53%
82 Theo
53%
224 Edward
47%
47 Isaac
47%
138 Leon
47%
39 Mason
47%
262 Paul
47%
18 Samuel
47%
4 Theodore
47%
9 William
47%
87 Arthur
41%
339 Brian
41%
145 Charlie
41%
68 Christopher
41%
41 Dylan
41%
104 Eli
41%
273 Eric
41%
83 Ian
41%
457 Jake
41%
165 Jason
41%
89 Jonathan
41%
249 Louis
41%
245 Mark
41%
63 Nathan
41%
223 Oscar
41%
92 Robert
41%
383 Stephen
41%
271 Steven
41%
211 Victor
41%
216 Zachary
41%
62 Aiden
35%
125 Dean
35%
7 Elijah
35%
24 Ethan
35%
435 Frederick
35%
392 Jay
35%
70 Jayden
35%
131 Jordan
35%
66 Joshua
35%
25 Julian
35%
65 Nolan
35%
31 Owen
35%
234 Richard
35%
46 Anthony
29%
96 Christian
29%
362 Cristian
29%
130 Hunter
29%
163 Ivan
29%
396 Jared
29%
221 Kevin
29%
433 Lewis
29%
489 Sean
29%
16 Sebastian
29%
220 Tyler
29%
107 Vincent
29%
80 Aaron
24%
191 Alan
24%
261 Brandon
24%
27 Cooper
24%
109 Damian
24%
352 Damien
24%
13 Elias
24%
37 Gabriel
24%
228 Grant
24%
161 Hayden
24%
57 Isaiah
24%
219 Joel
24%
159 Juan
24%
91 Leonardo
24%
12 Levi
24%
258 Marcus
24%
180 Max
24%
239 Muhammad
24%
140 Nathaniel
24%
208 Riley
24%
452 Rome
24%
230 Simon
24%
74 Adrian
18%
326 Aidan
18%
301 Archie
18%
28 Asher
18%
79 Axel
18%
449 Bo
18%
403 Bradley
18%
229 Brayden
18%
58 Caleb
18%
76 Cameron
18%
150 Carlos
18%
318 Cody
18%
182 Cole
18%
166 Connor
18%
284 Derek
18%
486 Edgar
18%
410 Eduardo
18%
151 Elliot
18%
153 Evan
18%
116 Harrison
18%
251 Harvey
18%
17 Hudson
18%
378 Hugo
18%
421 Jaden
18%
342 Jax
18%
292 Jeremy
18%
458 Johnny
18%
54 Josiah
18%
155 Jude
18%
349 Kade
18%
295 Kaleb
18%
466 Kameron
18%
294 Kenneth
18%
69 Lincoln
18%
53 Logan
18%
335 Martin
18%
8 Mateo
18%
146 Matteo
18%
478 Noel
18%
430 Pablo
18%
235 Patrick
18%
467 Quinn
18%
111 River
18%
42 Roman
18%
59 Rowan
18%
488 Rowen
18%
203 Timothy
18%
209 Abraham
12%
363 Anderson
12%
176 Antonio
12%
113 Austin
12%
316 Blake
12%
321 Brady
12%
357 Bryce
12%
152 Bryson
12%
248 Cade
12%
118 Callum
12%
132 Calvin
12%
45 Carter
12%
225 Cohen
12%
493 Collin
12%
285 Colt
12%
106 Dominic
12%
20 Ezra
12%
175 Felix
12%
333 Finley
12%
206 Finn
12%
420 Francis
12%
322 Francisco
12%
359 Franklin
12%
303 Gavin
12%
51 Grayson
12%
149 Greyson
12%
409 Hector
12%
274 Javier
12%
282 Jensen
12%
88 Jeremiah
12%
184 Jesse
12%
128 Jonah
12%
328 Kaden
12%
93 Kai
12%
270 Karter
12%
127 Landon
12%
370 Marco
12%
438 Mario
12%
49 Maverick
12%
44 Miles
12%
102 Parker
12%
455 Pedro
12%
329 Phoenix
12%
480 Ruben
12%
283 Tobias
12%
309 Tristan
12%
252 Walter
12%
38 Wyatt
12%
108 Xavier
12%
164 Ace
6%
195 Alejandro
6%
497 Alessandro
6%
306 Ali
6%
67 Angel
6%
98 Archer
6%
393 Ari
6%
148 Arlo
6%
197 Ashton
6%
81 August
6%
60 Beau
6%
279 Benson
6%
172 Braxton
6%
236 Brody
6%
64 Brooks
6%
201 Caden
6%
124 Carson
6%
287 Cash
6%
414 Cayden
6%
343 Colin
6%
103 Colton
6%
139 Declan
6%
158 Diego
6%
398 Edwin
6%
147 Elian
6%
243 Ellis
6%
121 Emmett
6%
72 Enzo
6%
366 Erick
6%
374 Forrest
6%
337 Gideon
6%
123 Giovanni
6%
120 Graham
6%
413 Hank
6%
162 Hayes
6%
354 Hendrix
6%
351 Ibrahim
6%
443 Jalen
6%
137 Jameson
6%
129 Jasper
6%
115 Jaxon
6%
156 Jaxson
6%
178 Judah
6%
237 Kaiden
6%
453 Karson
6%
286 Kash
6%
135 Kayden
6%
389 Kieran
6%
250 Lane
6%
85 Luka
6%
272 Malcolm
6%
372 Matthias
6%
189 Maxwell
6%
212 Miguel
6%
369 Miller
6%
119 Milo
6%
454 Oakley
6%
365 Onyx
6%
277 Otto
6%
299 Preston
6%
447 Prince
6%
395 Raymond
6%
460 Reece
6%
380 Ricardo
6%
302 Romeo
6%
247 Ronan
6%
133 Ryder
6%
416 Rylan
6%
26 Santiago
6%
441 Sergio
6%
194 Tate
6%
202 Tatum
6%
50 Thiago
6%
434 Travis
6%
52 Wesley
6%
55 Weston
6%
450 Yusuf
6%
324 Zane
6%
253 Zayn
6%
231 Abel
0%
482 Adan
0%
241 Adonis
0%
84 Adriel
0%
469 Alijah
0%
185 Amari
0%
105 Amir
0%
200 Andres
0%
304 Angelo
0%
445 Apollo
0%
290 Ares
0%
490 Arjun
0%
495 Armani
0%
483 Asa
0%
75 Atlas
0%
281 Atticus
0%
407 Augustus
0%
291 Avery
0%
465 Ayaan
0%
257 Ayden
0%
472 Azariah
0%
186 Aziel
0%
217 Baker
0%
310 Banks
0%
171 Barrett
0%
386 Baylor
0%
141 Beckett
0%
168 Beckham
0%
40 Bennett
0%
215 Bentley
0%
265 Bodhi
0%
275 Bodie
0%
423 Boone
0%
266 Bowen
0%
499 Brantley
0%
356 Briggs
0%
336 Bryan
0%
341 Cairo
0%
227 Callahan
0%
190 Callan
0%
205 Camden
0%
320 Casey
0%
491 Caspian
0%
479 Cassian
0%
385 Cesar
0%
442 Chance
0%
192 Chase
0%
377 Clark
0%
300 Clayton
0%
311 Colson
0%
157 Colter
0%
417 Conrad
0%
256 Crew
0%
331 Cruz
0%
268 Cyrus
0%
319 Dakota
0%
238 Dallas
0%
448 Dalton
0%
308 Dante
0%
327 Dariel
0%
143 Dawson
0%
379 Daxton
0%
376 Desmond
0%
496 Donovan
0%
110 Easton
0%
97 Eithan
0%
313 Eliam
0%
388 Elio
0%
160 Elliott
0%
254 Emerson
0%
94 Emiliano
0%
154 Emilio
0%
179 Emmanuel
0%
461 Esteban
0%
77 Everett
0%
61 Ezekiel
0%
348 Ezequiel
0%
468 Fabian
0%
387 Fernando
0%
474 Ford
0%
86 Gael
0%
373 Grady
0%
222 Griffin
0%
485 Hezekiah
0%
297 Holden
0%
390 Iker
0%
426 Isaias
0%
263 Ismael
0%
315 Israel
0%
114 Jace
0%
439 Jasai
0%
498 Jasiah
0%
167 Jayce
0%
361 Jaylen
0%
198 Jaziel
0%
169 Jett
0%
355 Joaquin
0%
323 Jorge
0%
330 Josue
0%
424 Julius
0%
226 Kairo
0%
364 Kaizen
0%
391 Kamari
0%
451 Kane
0%
484 Kasen
0%
400 Kashton
0%
375 Kayce
0%
415 Kaysen
0%
264 Kayson
0%
384 Khalil
0%
401 Kian
0%
418 Killian
0%
405 King
0%
204 Kingston
0%
196 Knox
0%
269 Koa
0%
411 Koda
0%
296 Kohen
0%
367 Kyaire
0%
404 Kyler
0%
402 Kylo
0%
244 Kyrie
0%
471 Kyson
0%
381 Lawson
0%
406 Leandro
0%
193 Legend
0%
494 Leland
0%
289 Lennox
0%
350 Leonel
0%
428 Lian
0%
117 Lorenzo
0%
462 Lucian
0%
305 Luciano
0%
144 Luis
0%
463 Mack
0%
210 Maddox
0%
481 Makai
0%
134 Malachi
0%
213 Malakai
0%
437 Malik
0%
371 Manuel
0%
399 Marcelo
0%
340 Marshall
0%
312 Mathias
0%
170 Matias
0%
280 Maximiliano
0%
276 Maximus
0%
207 Messiah
0%
90 Micah
0%
242 Milan
0%
436 Moshe
0%
470 Musa
0%
100 Myles
0%
255 Nash
0%
487 Nasir
0%
429 Nehemiah
0%
174 Nico
0%
177 Nicolas
0%
325 Niko
0%
260 Omar
0%
334 Orion
0%
338 Paxton
0%
218 Rafael
0%
432 Raiden
0%
394 Raphael
0%
419 Reed
0%
293 Reid
0%
307 Remington
0%
408 Remy
0%
188 Rhett
0%
412 Rhys
0%
459 Rocco
0%
492 Rodrigo
0%
199 Rory
0%
476 Royal
0%
500 Royce
0%
345 Russell
0%
183 Ryker
0%
456 Sage
0%
267 Saint
0%
477 Samson
0%
353 Santino
0%
122 Sawyer
0%
246 Shephard
0%
278 Shiloh
0%
71 Silas
0%
422 Soloman
0%
298 Sonny
0%
464 Soren
0%
360 Spencer
0%
346 Sterling
0%
136 Stetson
0%
314 Sullivan
0%
332 Sutton
0%
440 Sylas
0%
427 Tadeo
0%
475 Tanner
0%
358 Titus
0%
181 Tucker
0%
446 Uriel
0%
444 Valentino
0%
344 Wade
0%
78 Walker
0%
240 Warren
0%
56 Waylon
0%
347 Wells
0%
431 Wilder
0%
382 Winston
0%
259 Xander
0%
397 Zander
0%
214 Zayden
0%
473 Zayne
0%
142 Zion
0%
317 Zyaire
0%
No matching quizzes found
Score Distribution
Percent of People with Each Score
Percentile by Number Answered
Your Score History
You have not taken this quiz